Pests and diseases of tropical crops / (Record no. 6221)
[ view plain ]
| 000 -LEADER | |
|---|---|
| fixed length control field | 01076cam a2200301 a 4500 |
| 001 - CONTROL NUMBER | |
| control field | 2315521 |
| 003 - CONTROL NUMBER IDENTIFIER | |
| control field | OSt |
| 005 - DATE AND TIME OF LATEST TRANSACTION | |
| control field | 20260521120939.0 |
| 008 - FIXED-LENGTH DATA ELEMENTS--GENERAL INFORMATION | |
| fixed length control field | 811008m19821988enka b 001 0 eng |
| 020 ## - INTERNATIONAL STANDARD BOOK NUMBER | |
| International Standard Book Number | 0582606144 (v. 1) : |
| 020 ## - INTERNATIONAL STANDARD BOOK NUMBER | |
| International Standard Book Number | 0582606152 |
| Qualifying information | v. 2 |
| 020 ## - INTERNATIONAL STANDARD BOOK NUMBER | |
| International Standard Book Number | 9780582606142 |
| 020 ## - INTERNATIONAL STANDARD BOOK NUMBER | |
| International Standard Book Number | 9780582606159 |
| Qualifying information | (v. 2) |
| 040 ## - CATALOGING SOURCE | |
| Original cataloging agency | DLC |
| Transcribing agency | KABLIB |
| Modifying agency | KABLIB |
| 082 00 - DEWEY DECIMAL CLASSIFICATION NUMBER | |
| Classification number | 632.9 |
| Edition number | 23 |
| Item number | HILL |
| 100 1# - MAIN ENTRY--PERSONAL NAME | |
| Personal name | Hill, Dennis S., |
| Dates associated with a name | 1934- |
| 9 (RLIN) | 15817 |
| 245 10 - TITLE STATEMENT | |
| Title | Pests and diseases of tropical crops / |
| Statement of responsibility, etc. | D.S. Hill, J.M. Waller. |
| 260 ## - PUBLICATION, DISTRIBUTION, ETC. | |
| Place of publication, distribution, etc. | London ; |
| -- | New York : |
| Name of publisher, distributor, etc. | Longman, |
| Date of publication, distribution, etc. | 1982-1988. |
| 300 ## - PHYSICAL DESCRIPTION | |
| Extent | 2 v. : |
| Other physical details | ill. ; |
| Dimensions | 22 cm. |
| 440 #0 - SERIES STATEMENT/ADDED ENTRY--TITLE | |
| Title | Intermediate tropical agriculture series |
| 9 (RLIN) | 15818 |
| 504 ## - BIBLIOGRAPHY, ETC. NOTE | |
| Bibliography, etc. note | Includes bibliographies and index. |
| 505 1# - FORMATTED CONTENTS NOTE | |
| Formatted contents note | vol. 1. Principles and methods of control -- v. 2.Handbook of pest and diseases. |
| 650 #0 - SUBJECT ADDED ENTRY--TOPICAL TERM | |
| Topical term or geographic name entry element | Tropical crops |
| General subdivision | Diseases and pests. |
| 9 (RLIN) | 15819 |
| 650 #0 - SUBJECT ADDED ENTRY--TOPICAL TERM | |
| Topical term or geographic name entry element | Tropical crops |
| General subdivision | Diseases and pests |
| -- | Control. |
| 9 (RLIN) | 15820 |
| 700 1# - ADDED ENTRY--PERSONAL NAME | |
| Personal name | Waller, J. M. |
| 9 (RLIN) | 15821 |
| 942 ## - ADDED ENTRY ELEMENTS (KOHA) | |
| Source of classification or shelving scheme | Dewey Decimal Classification |
| Koha item type | Book |
| Withdrawn status | Lost status | Source of classification or shelving scheme | Damaged status | Not for loan | Home library | Current library | Shelving location | Date acquired | Total Checkouts | Full call number | Barcode | Date last seen | Price effective from | Koha item type |
|---|---|---|---|---|---|---|---|---|---|---|---|---|---|---|
| Dewey Decimal Classification | Rukungiri Campus | Rukungiri Campus | Open Access Section | 21.05.2026 | 632.9 HILL | 2712RC | 21.05.2026 | 21.05.2026 | Book | |||||
| Dewey Decimal Classification | Rukungiri Campus | Rukungiri Campus | Open Access Section | 21.05.2026 | 632.9 HILL | 2711RC | 21.05.2026 | 21.05.2026 | Book | |||||
| Dewey Decimal Classification | Rukungiri Campus | Rukungiri Campus | Open Access Section | 21.05.2026 | 632.9 HILL | 2710RC | 21.05.2026 | 21.05.2026 | Book | |||||
| Dewey Decimal Classification | Rukungiri Campus | Rukungiri Campus | Open Access Section | 21.05.2026 | 632.9 HILL | 2709RC | 21.05.2026 | 21.05.2026 | Book | |||||
| Dewey Decimal Classification | Rukungiri Campus | Rukungiri Campus | Open Access Section | 21.05.2026 | 632.9 HILL | 2708RC | 21.05.2026 | 21.05.2026 | Book | |||||
| Dewey Decimal Classification | Rukungiri Campus | Rukungiri Campus | Open Access Section | 21.05.2026 | 632.9 HILL | 2707RC | 21.05.2026 | 21.05.2026 | Book | |||||
| Dewey Decimal Classification | Rukungiri Campus | Rukungiri Campus | Open Access Section | 21.05.2026 | 632.9 HILL | 2706RC | 21.05.2026 | 21.05.2026 | Book |